Methods of test for vulcanized rubber . Part 6. Determination of the effect of liquids (Third revision) (Record no. 73667)
[ view plain ]
| 000 -LEADER | |
|---|---|
| fixed length control field | 00424nam a2200121Ia 4500 |
| 245 #0 - TITLE STATEMENT | |
| Title | Methods of test for vulcanized rubber . Part 6. Determination of the effect of liquids (Third revision) |
| 260 ## - PUBLICATION, DISTRIBUTION, ETC. (IMPRINT) | |
| Place of publication | New Delhi |
| 260 ## - PUBLICATION, DISTRIBUTION, ETC. (IMPRINT) | |
| Year of publication | 2012 |
| Name of publisher | Bureau of Indian Standards |
| 490 ## - SERIES STATEMENT | |
| Series statement | Indian standard |
| 500 ## - GENERAL NOTE | |
| General note | Standard number: IS 3400 Part 6: 2012 (ISO 1817:2011) |
| 942 ## - ADDED ENTRY ELEMENTS (KOHA) | |
| Koha item type | Standards |
| Withdrawn status | Lost status | Damaged status | Not for loan | Home library | Current library | Date acquired | Koha item type |
|---|---|---|---|---|---|---|---|
| Standards | RRII Library | RRII Library | 31/12/2021 | Standards |